000 00743nam a22002412 4500
999 _c18572
_d18572
001 0000008591
003 OSt
005 20201030100704.0
008 080429s xx 000 0 eng d
020 _a0324645088 :
_cKES
040 _aKABU
_cKABU
100 1 _aSnyder, Christopher.
245 1 0 _aMicroeconomic theory :
_bbasic principles and extensions /
_cChristopher Snyder, Walter Nicholson.
250 _a1st ed.
_bEurope, Middle East & Africa Edition
260 _aAustralia
_bCengage Learning
_c2015
300 _ax, 537p.
650 0 _aMicroeconomics.
700 1 _aWalter Nicholson
700 1 _aRobert Stewart
908 _a080429
942 _2lcc
_cBK